000 00987nab a2200277 4500
003 BR-BrBNA
005 20240422130708.0
008 240422b bl.||||| |||| 00| 0 por d
040 _aBR-BrBNA
_bpor
072 _aF01 ; P33 ; F02
_b1000 ; 3840
100 _aAuler, Antônio Martins
100 _aFidalski, Jonez
245 _aCitricultura no Paraná: experimento compara desempenho de calagem em "trifoliata" e outros porta-enxertos
_bVariedades
500 _a4 ref.; 6 illus.; 2 tables
650 _aCITRICULTURA
650 _aCAMPO EXPERIMENTAL
650 _aCALAGEM
650 _aPORTA ENXERTO
650 _aPONCIRUS TRIFOLIATA
650 _aDESEMPENHO
650 _aPRODUTIVIDADE
650 _aPARANÁ
773 0 _04769
_920055
_dBebedouro - SP Grupo Técnico de Assistência e Consultoria em Citrus 2001
_o2023-419512
_tCiência e Pratica (Brazil)
_gv. 12(44) p. 19-22; (Jan-Apr 2012)
_wBR2024000848
942 _cAnalítica
999 _c299267
_d299267